000 00326nam a22001337a 4500
008 190225b xxu||||| |||| 00| 0 eng d
020 _a9780073125503
041 _aeng
080 _26th
_a371
100 _a25
101 _aEDU
245 _aPeak Performance. Success in College and Beyond
_cFerrett, Sh. K
942 _2udc
_cBK
999 _c54217
_d54217